000 00651nam a2200193 a 4500
003 PILC
005 20150112093434.0
008 100721s19uu xx 00 eng d
022 _2159139113X
050 _aHF 5718
_b.H2917 2003
082 _aMCSF 658.45
_bH26 2003
100 _aHarvard Business School Press
_915191
245 _aBusiness communication :
_bYour mentor and guide to doing business effectively /
260 _aBoston, Massachusetts :
_bHarvard Business School Press,
_c2003.
300 _a162 pages :
_c23 cm.
440 _aHarvard Business Essentials Series
_915192
650 _aBusiness communication
_914664
942 _2lcc
_cBK
999 _c14512
_d14512